00709 2200241 4500001002100000005001500021035002000036007000300056008004100059020002200100082001000122084001600132100001500148245009200163250001400255260003900269300004300308700002500351700002500376700001800401600001200419856003600431INLIS00000000000214220210507100715 a0010-0521000130ta210507 g 0 ind  a978-602-7874-98-5 a920.3 a920.3 ADE e0 aAde Makruf1 aEnsiklopedi Presiden Republik Indonesia :bMegawati Soekarno Putri /cAde Makruf, dkk. aCetakan I aYogyakarta :bAr-Ruzz Media,c2017 a179 halaman :bTidak Ada ;c22 x 15 cm0 aPenyunting : Rose KR0 aDesain Cover : Prams0 aLayout : Joko 4aPolitik aPerpustakaan Umum Kota Makassar